|
|
|
|
| LEADER |
00000nam0a2200000 4500 |
| 001 |
282315 |
| 005 |
20231101235503.0 |
| 020 |
|
|
|a RU
|b 84-68004
|
| 035 |
|
|
|a (RuTPU)RU\TPU\book\306196
|
| 090 |
|
|
|a 282315
|
| 100 |
|
|
|a 20150129d1984 m y0rusy5003 ca
|
| 101 |
0 |
|
|a rus
|
| 102 |
|
|
|a RU
|
| 105 |
|
|
|a a j 001zy
|
| 200 |
1 |
|
|a Установки погружных центробежных насосов для добычи нефти
|e учебное пособие
|f Л. С. Каплан
|g Уфимский нефтяной институт (УНИ)
|
| 210 |
|
|
|a Уфа
|c Изд-во Уфимского нефтяного ин-та
|d 1984
|
| 215 |
|
|
|a 71 с.
|c ил.
|d 20 см
|
| 320 |
|
|
|a Библиогр.: с. 69
|
| 606 |
1 |
|
|a Насосы нефтяные глубинные электроцентробежные
|2 stltpush
|3 (RuTPU)RU\TPU\subj\44998
|9 64266
|
| 610 |
1 |
|
|a бесштанговые насосы
|
| 610 |
1 |
|
|a погружные насосы
|
| 610 |
1 |
|
|a установка
|
| 610 |
1 |
|
|a скважины
|
| 610 |
1 |
|
|a беструбная эксплуатация
|
| 610 |
1 |
|
|a детали
|
| 610 |
1 |
|
|a типовые расчеты
|
| 610 |
1 |
|
|a конструкции
|
| 610 |
1 |
|
|a спуско-подъемные операции
|
| 610 |
1 |
|
|a оборудование
|
| 610 |
1 |
|
|a учебные пособия
|
| 675 |
|
|
|a 622.276.53(075.8)
|z rus
|v 4
|
| 700 |
|
1 |
|a Каплан
|b Л. С.
|g Леонид Самуилович
|4 070
|
| 712 |
0 |
2 |
|a Уфимский нефтяной институт (УНИ)
|c (1948-1993)
|2 stltpush
|3 (RuTPU)RU\TPU\col\11359
|
| 801 |
|
0 |
|a RU
|b RuMRKP
|c 19950704
|g psbo
|
| 801 |
|
1 |
|a RU
|b 63413507
|c 20150129
|
| 801 |
|
2 |
|a RU
|b 63413507
|c 20170711
|g RCR
|
| 942 |
|
|
|c BK
|